000 01756cam a22004934i 4500
003 PE-LiUPU
005 20250731173411.0
008 150617s1997 sp rb 00 0 spa d
020 _a8487940307
035 _a(Sirsi) i9788487940309
035 _a(Sirsi) 46388
035 _a(Sirsi) 46388
041 _aes
044 _aes
049 _aPRUA
082 0 4 _a224.1092
_bS84
100 1 _aStuart Park, S.,
_eautor.
245 1 3 _aLa señal /
_cS. Stuart Park y David F. Burt.
264 1 _aBarcelona :
_bPublicaciones Andamio,
_c1997.
300 _a227 páginas ;
_c24 centímetros
504 _aIncluye bibliografía
505 0 _aLa huida -- Desde el seno del Seol -- La palabra predicada -- La calabacera -- Escena I: La tempestad -- Escena II: El vientre del pez -- Escena III: Nínive -- Escena IV: Diálogo con Dios -- La Señal: Jesús y Jonás.
526 _aSEG42
526 _aSEG41
526 _aSEG40
526 _aSEG39
526 _aP94
526 _aP87
526 _aP86
526 _aP85
526 _aP77
526 _aP76
526 _aP35
630 0 4 _aBiblia
_pA.T.
_pJonás
_vMeditaciones.
630 0 4 _aBiblia
_pA.T.
_pJonás
_xComentarios.
700 1 _aBurt, David F.
_ecoaut.
942 _2ddc
_cBOOK
949 _a224.1092 S84
_i63964
_lCCODEBUL1
_mBUL
_tLIBRO
_o.STAFF. Colección Teología
859 _q63964
_h224.1092
_iS84
910 _agl
_b
_cjck
_d20111115
596 _a1
999 _a224.1092 S84
_wDEWEY
_c52812
_i63964
_d52812
_e2016-9-28
_f2021-11-9
_g5
_lCCODEBUL1
_mBUL
_n1
_p14.00
_q3
_r0
_sY
_tBOOK
_u2015-7-6
_xTEOLOGIA
_PP35
_0COMPRA
_o.STAFF. Colección Teología
980 _81
_gALBERTO SANCHEZ Responsable de Automatización